00792nam a2200217Ia 4500008004100000020001500041040001800056041000800074245009500082250001100177260005400188300001600242490005500258504003800313600004500351600004500396650003300441650003800474650002100512700004100533130821s1986 sp gr spa  a8474814889 aCo-BoUCMbspa00aspa00aEstudios sobre Calderón Actas del coloquio calderonianocEditor Alberto Navarro Goz lez a1a. ed aSalamanca (España)bEdiciones Universidadc1986 a[1 volumen] aActa Salamaticencia : estudios filosóficos ; 199 aIncluye bibliografía e índice aCalderón de la Barca, Pedrod1600-1681 aCalderón de la Barca, Pedrod1600-168104aCrítica e interpretación04aLiteratura españolaySiglo XVII04aTeatro español aNavarro González, Alberto., Editor